「鳥の詩」の歌詞 - Statistics

General Stats
  • This quiz has been taken 25 times
  • The average score is 163 of 244
Answer Stats
Answer % Correct
100%
飛行機雲
95%
95%
消える
89%
いつ
89%
あの
89%
まで
89%
89%
89%
84%
84%
84%
から
84%
84%
84%
ない
84%
84%
追いかけ
84%
を・・・
84%
僕たち
79%
見送っ
79%
変わら
79%
79%
まだ
79%
ある
74%
74%
られ
68%
悔しく
68%
うまく
68%
飛べ
68%
けど
68%
越え
68%
68%
なかっ
63%
63%
離す
63%
63%
線路
63%
歩く
63%
眩しく
58%
こと
58%
58%
切っ
58%
知る
58%
遠く
58%
58%
子供たち
58%
両手
58%
58%
弱く
53%
場所
53%
見つめ
53%
希望
53%
53%
逃げ
47%
だって
47%
届か
47%
わたつみ
47%
晒し
42%
僕たち
42%
ような
42%
吹く
37%
素足
37%
幼かっ
37%
飛び立つ
37%
この
37%
ように
37%
きっと
37%
風車
37%
37%
いつか
32%
願い
32%
だけ
32%
日々
32%
強さ
32%
守れる
32%
同じ
32%
ずっと
32%
真っ直ぐに
32%
回る
26%
見る
26%
灼け
21%
僕ら
21%
どうか
21%
羽たち
16%
入道雲
16%
16%
覚え
16%
季節
16%
残し
16%
二人
16%
眼差し
16%
16%
秘め
11%
振り返る
11%
変え
11%
昨日
11%
合図
11%
11%
滲ん
11%
離さ
11%
覆う
5%
早すぎる
5%
笑い出し
5%
5%
No matching quizzes found
Score Distribution
Percent of People with Each Score
Percentile by Number Answered
Your Score History
You have not taken this quiz